Az államalkotó szerződések (belső államszerződések) a magyar közjogban V.
Elmentve itt :
| Szerző: | |
|---|---|
| Adatforrás: | Philobibl |
| Forrásdokumentuma: | Athenaeum 1902/1 1-13. p. |
| Dokumentumtípus: | Cikk |
| Nyelv: | magyar |
| LEADER | 00328nab a2200097 c 4500 | ||
|---|---|---|---|
| 001 | bibDOK00012954 | ||
| 005 | 20200924120815.4 | ||
| 008 | 060518s1902 xx hun | ||
| 100 | 1 | |a Fardinandy Géza | |
| 245 | 1 | 3 | |a Az államalkotó szerződések (belső államszerződések) a magyar közjogban V. |c Fardinandy Géza |
| 773 | 0 | |t Athenaeum 1902/1 |g 1-13. p. | |